000
00295nam a22001337a 4500
008
170914b xxu||||| |||| 00| 0 eng d
020
_a
0517626098
041
_a
eng
080
_a
7
100
_a
44
101
_a
ART
245
_a
A PICTURE TOUR OF THE SMITHSONIAN
_c
BATES,S
942
_2
udc
_c
BK
999
_c
27707
_d
27707